Speaking Chinese in China (Record no. 1083188)

MARC details
000 -LEADER
fixed length control field 00850nam a2200313Ia 4500
003 - CONTROL NUMBER IDENTIFIER
control field OSt
005 - DATE AND TIME OF LATEST TRANSACTION
control field 20221006145514.0
008 - FIXED-LENGTH DATA ELEMENTS--GENERAL INFORMATION
fixed length control field 221006b |||||||| |||| 00| 0 eng d
020 ## - INTERNATIONAL STANDARD BOOK NUMBER
International Standard Book Number 0300029553
020 ## - INTERNATIONAL STANDARD BOOK NUMBER
International Standard Book Number 300030320
020 ## - INTERNATIONAL STANDARD BOOK NUMBER
International Standard Book Number 9780300030327
037 ## - SOURCE OF ACQUISITION
Terms of availability Textual
040 ## - CATALOGING SOURCE
Original cataloging agency EASL
Transcribing agency EASL
Language of cataloging eng
041 ## - LANGUAGE CODE
Source of code eng
Language code of text/sound track or separate title eng
100 ## - MAIN ENTRY--PERSONAL NAME
Personal name YING Hsu
9 (RLIN) 654618
245 #0 - TITLE STATEMENT
Title Speaking Chinese in China
260 ## - PUBLICATION, DISTRIBUTION, ETC.
Place of publication, distribution, etc. London
Name of publisher, distributor, etc. Yale University Press
Date of publication, distribution, etc. 1983
300 ## - PHYSICAL DESCRIPTION
Extent 314p.
Dimensions cm.
490 ## - SERIES STATEMENT
Volume/sequential designation CEL
650 ## - SUBJECT ADDED ENTRY--TOPICAL TERM
Topical term or geographic name entry element CEL
650 ## - SUBJECT ADDED ENTRY--TOPICAL TERM
Topical term or geographic name entry element Chinese language - Conversation and phrase books - English
9 (RLIN) 654619
700 ## - ADDED ENTRY--PERSONAL NAME
Personal name BROWN J. Marvin
9 (RLIN) 654620
942 ## - ADDED ENTRY ELEMENTS (KOHA)
Classification part P41, M3
Koha item type Textual
Source of classification or shelving scheme Colon Classification (CC)
Holdings
Withdrawn status Lost status Source of classification or shelving scheme Damaged status Not for loan Home library Current library Date acquired Cost, normal purchase price Serial Enumeration / chronology Total Checkouts Full call number Barcode Date last seen Cost, replacement price Price effective from Koha item type
    Colon Classification (CC)     Department of East Asian Studies Library Department of East Asian Studies Library 2022-10-06 104.48 CEL   P41 M3 EA0790055 2022-10-06 104.48 2022-10-06 Textual
Copyright @ Delhi University Library System